2807-大阪市旭区(大阪府)の駅 - Statistics

General Stats
  • This quiz has been taken 15 times
    8 since last reset
  • The average score is 6 of 7
Answer Stats
Answer % Correct
太子橋今市
100%
森小路
88%
千林
88%
千林大宮
88%
関目高殿
88%
清水
75%
新森古市
75%
No matching quizzes found
Score Distribution
Percent of People with Each Score
Percentile by Number Answered
Your Score History
You have not taken this quiz since the last reset